000 00379nam a2200169Ia 4500
100 _aJones/Robert M
650 _acomposite materials
250 _a2
942 _cBK
366 _f25
654 _amechanics
245 _aMechanics of composite materials
260 _bTaylor and francis
_c1999
082 _a620.118
_bJON
300 _a519
546 _aENGLISH
_cInfo.Tech
999 _c32413
_d32413